Un eslabón más en la protección de la infancia frente a hechos de violencia. Comentario al fallo "Angulo de Losada c/Bolivia" de la corte interamericana de derechos humanos (Registro nro. 33215)
[ vista simple ]
| 000 -LEADER | |
|---|---|
| fixed length control field | 00534 a2200121 4500 |
| 001 - CONTROL NUMBER | |
| control field | ART_60006 |
| 005 - DATE AND TIME OF LATEST TRANSACTION | |
| control field | 20260410162022.0 |
| 008 - FIXED-LENGTH DATA ELEMENTS--GENERAL INFORMATION | |
| fixed length control field | 260409a |
| 100 1# - MAIN ENTRY--PERSONAL NAME | |
| Personal name | Terragni, Martiniano |
| 245 10 - TITLE STATEMENT | |
| Title | Un eslabón más en la protección de la infancia frente a hechos de violencia. Comentario al fallo "Angulo de Losada c/Bolivia" de la corte interamericana de derechos humanos |
| 700 1# - ADDED ENTRY--PERSONAL NAME | |
| Personal name | Freedman, Diego |
| 773 0# - HOST ITEM ENTRY | |
| Title | Temas de derecho de familia, sucesiones y bioética |
| Related parts | - Año 8, N° 2/3 (feb./mar. 2024) |
| Record control number | REV41029 |
No hay ítems disponibles.